000 00997nam a2200229 a 4500
003 SISC
005 20160603155920.0
008 121004s19uu xx 00 eng d
020 _a9780080969329
050 _aG 155.A1
_b.P132 2011
100 _aPage, Stephen J.
245 _aTourism Management :
_ban introduction /
_cStephen J. Page.
250 _a4th edition.
260 _aOxford, UK :
_bElsevier / Butterworth-Heunemann,
_c2011.
300 _a382 pages :
_bcolor illustrations ;
_c26 cm.
500 _aIncludes index.
520 _aOffers an introduction to the fundamentals of tourism. This title traces the evolution and future development of tourism and the challenges facing tourism managers in this growing sector of the world economy. It is illustrated with diagrams and colour images, and contains short case studies, as well as data and statistics
650 _aTourism management
650 _aHospitality industry
_xManagement.
942 _cBK
_2lcc
_kFOR
999 _c22321
_d22321